[Event "BAN-ch (Women) 38th"]
[Site "Dhaka"]
[Date "2018.08.11"]
[Round "4"]
[White "Zannatul Mawa, Mowri"]
[Black "Mst Jhorna, Begum"]
[Result "0-1"]
[WhiteElo "1389"]
[BlackElo "1643"]
[PlyCount "58"]
[EventDate "2018.08.08"]
[EventType "swiss"]
[EventRounds "9"]
[EventCountry "BAN"]
[SourceTitle "EXT 2019"]
[Source "ChessBase"]
[SourceDate "2018.10.10"]
[SourceVersion "1"]
[SourceVersionDate "2018.10.10"]
[SourceQuality "1"]

1. e4 d6 2. c3 c6 3. d4 Qc7 4. h3 e5 5. Nf3 Nf6 6. Bd3 Be7 7. 0-0 0-0 8. a4 Be6 9. b4 Nbd7 10. Nbd2 d5 11. Re1 dxe4 12. Nxe4 Nxe4 13. Rxe4 f5 14. Re3 e4 15. Nh2 Bd6 16. g3 Rf6 17. Bf1 f4 18. gxf4 Bxf4 19. Rxe4 Bxh2+ 20. Kh1 Bd5 21. Bc4 Bxc4 22. Re7 Bd5+ 23. f3 Bxf3+ 24. Qxf3 Rxf3 25. Be3 Raf8 26. Bg1 Bxg1 27. Kxg1 Qg3+ 28. Kh1 Qxh3+ 29. Kg1 Rg3# 0-1

[Event "BAN-ch U20 Girls"]
[Site "Dhaka"]
[Date "2018.05.05"]
[Round "1"]
[White "Sabrina, Jahan Shejoti"]
[Black "Mst Jhorna, Begum"]
[Result "0-1"]
[WhiteElo "1225"]
[BlackElo "1663"]
[PlyCount "88"]
[EventDate "2018.05.05"]
[EventType "swiss"]
[EventRounds "8"]
[EventCountry "BAN"]
[SourceTitle "CBM 184 Extra"]
[Source "ChessBase"]
[SourceDate "2018.06.28"]
[SourceVersion "1"]
[SourceVersionDate "2018.06.28"]
[SourceQuality "1"]

1. e4 d6 2. Nf3 c6 3. Be2 e5 4. 0-0 Nf6 5. Nc3 Be7 6. d3 Bg4 7. Bg5 0-0 8. h3 Be6 9. Re1 Nbd7 10. d4 exd4 11. Nxd4 Nc5 12. Qd2 Ncxe4 13. Nxe4 Nxe4 14. Bxe7 Qxe7 15. Qf4 d5 16. Bd3 Nc5 17. Bf5 Qf6 18. g3 Bxf5 19. Nxf5 Qxb2 20. c4 Nd3 21. Qd4 Qxd4 22. Nxd4 Nxe1 23. Rxe1 dxc4 24. Re7 Rad8 25. Ne2 Rfe8 26. Rxe8+ Rxe8 27. Nc3 b5 28. Kf1 b4 29. Ne2 c3 30. Ke1 Rd8 31. Nc1 c2 32. f4 Rd1+ 33. Ke2 Rxc1 34. Kd2 Ra1 35. Kxc2 c5 36. Kb3 a5 37. g4 a4+ 38. Kb2 Rh1 39. a3 Rxh3 40. axb4 cxb4 41. Ka2 Rh2+ 42. Kb1 a3 43. Kc1 a2 44. Kd1 a1Q# 0-1